000 00349nam a2200133Ia 4500
008 230917s9999||||xx |||||||||||||| ||und||
040 _e107504
_aMAIN
041 _aEnglish
082 _a570.1 S84G
100 _aShuriti
245 0 _aGenetic analysis of behaviour sand ecological trait variability in drosophila
300 _axv p.
942 _cTH
999 _c124228
_d124228